| 000 | 00518nam a2200181 a 4500 | ||
|---|---|---|---|
| 005 | 20240925065927.0 | ||
| 008 | 991125s1970 mx 000 0 spa u | ||
| 035 | _aUPN01000055319 | ||
| 049 | _aF | ||
| 050 | 4 |
_aLB1044.7 _bT33 |
|
| 245 | 0 | 0 |
_aTaller de televisión instructiva : _bejercicios. |
| 260 |
_aMéxico : _bARMO, _c[197-]. |
||
| 300 |
_a[13] h. : _bil. |
||
| 500 | _aDatos tomados de la cubierta | ||
| 650 | 4 |
_aEmpleados _xCapacitación _9979 |
|
| 650 | 4 |
_aTelevisión en la educación _91518 |
|
| 905 | _aLibro | ||
| 999 |
_c55319 _d55319 |
||